An Introduction to Stochastic Processes and Their Applications

Αποθηκεύτηκε σε:
Λεπτομέρειες βιβλιογραφικής εγγραφής
Κύριος συγγραφέας: Todorovic, P. (Petar)
Μορφή: Βιβλίο
Γλώσσα:English
Δημοσίευση: New York : Springer-Verlag, c1992
Σειρά:Springer series in statistics
Θέματα:
Ετικέτες: Προσθήκη ετικέτας
Δεν υπάρχουν, Καταχωρήστε ετικέτα πρώτοι!

MARC

LEADER 00000nam a2200000 i 4500
001 1/39097
008 950131s1992 eng d
020 |a 0-387-97783-X 
035 |a 1995  |c ΠΑΠΑΔΟΠΟΥΛΟΣ  |l 10040927 
040 |a GR-MY-UA  |b gre  |e aacr 
041 0 |a eng 
082 0 |a 519.2 
100 1 |a Todorovic, P.  |q (Petar) 
245 1 3 |a An Introduction to Stochastic Processes and Their Applications /  |c Petar Todorovic 
260 |a New York :   |b Springer-Verlag,   |c c1992 
300 |a xiii, 289 p.;  |b ill.;  |c 24 cm. 
490 1 |a Springer series in statistics 
500 |a Includes bibliographical references and index 
650 0 0 |a Stochastic processes. 
830 0 |a Springer series in statistics 
852 |a INST  |b SAMOS  |e 19950131  |h 519.2 TOD  |p 005300006051  |q 005300006051  |t BK  |y 0 
909 |a Σ  |b 038717